| 000 | 01503nam a2200361 a 4500 | ||
|---|---|---|---|
| 001 | 000114001 | ||
| 003 | CHAP | ||
| 005 | 20220329144423.0 | ||
| 008 | 171017s2017 mx a fsm |||||||spa d | ||
| 010 | _a110462 | ||
| 011 | _a111434 | ||
| 040 | _cCHAP | ||
| 090 | _aTesis | ||
| 100 | 1 |
_aArellano González, Rubí Dayane _9133822 |
|
| 245 | 1 | 0 |
_aIdentificación de áreas agrícolas potenciales para el establecimiento de la chinche apestosa marrón marmoleada (Halyomorpha halys, Stal) en la frontera del Norte de México y su manejo biológico / _h[En línea] _cpor Rubí Dayane Arellano González. |
| 260 |
_aChapingo, Méx. : _bEl autor, _c2017. |
||
| 500 | _aPara ver el contenido del material haga clic en la liga | ||
| 502 | _aTesis (Ing. Agr. Esp. en Parasitología Agrícola) -- UACH. Departamento de Parasitología Agrícola | ||
| 590 |
_aBATCH-UPD _b05 _c20171017 _lUCH01 _h1412 |
||
| 590 |
_aBATCH _b00 _c20181121 _lUCH01 _h0758 |
||
| 590 |
_aE8697GMM _b05 _c20171017 _lUCH01 _h1324 |
||
| 590 |
_aE8697GMM _b05 _c20171017 _lUCH01 _h1411 |
||
| 650 | 1 | 4 |
_aAgricultura _xPlagas _xMapas. _91767 |
| 650 | 1 | 4 |
_aHalyomorpha halys _xControl. _9133824 |
| 650 | 1 | 4 |
_aHalyomorpha halys _xDistribución geográfica. _9133823 |
| 650 | 1 | 4 |
_aHalyomorpha halys _xFisiología y morfología. _9133825 |
| 650 | 1 | 4 |
_aInsectos _xAmérica del Norte. _958890 |
| 856 |
_a1 _n0000482 |
||
| 856 |
_aFinding aid _uhttp://10.13.5.2/tesis/sist114001.pdf _zTeclea aquí |
||
| 901 | _aBK | ||
| 942 | _cTESIS | ||
| 942 | _n0 | ||
| 999 |
_c110462 _d110462 |
||